| 000 | 00450nam a22001577a 4500 | ||
|---|---|---|---|
| 003 | URS | ||
| 005 | 20220114171547.0 | ||
| 008 | 170324b xxu||||| |||| 00| 0 eng d | ||
| 020 | _a0316193208 | ||
| 050 |
_aJF1601 _bD7 |
||
| 100 |
_aDresang, Dennis L. _4author |
||
| 245 |
_aPublic personnel management and public policy _cDennis L. Dresang |
||
| 260 |
_aBoston: _bLittle Brown and Co., _c1984 |
||
| 300 |
_aviii, 410 pages; _c24 cm. |
||
| 942 |
_cFR _2lcc |
||
| 999 |
_c14139 _d14139 |
||